Organizácia obchodu s investičnými celkami diplomová práca

Gespeichert in:
Bibliographische Detailangaben
1. Verfasser: Abdová, Mariam
Körperschaft: Obchodná fakulta EU. Katedra medzinárodného obchodu
Weitere Verfasser: Pullmanová, Terézia, 1953-
Format: Buch
Sprache:Slowakisch
Veröffentlicht: Bratislava 2011
Tags: Tag hinzufügen
Keine Tags, Fügen Sie das erste Tag hinzu!

MARC

LEADER 00000nbm a2200000 4500
001 0131862
005 20161109101738.1
041 0 |a slo 
044 |a SK 
245 1 0 |a Organizácia obchodu s investičnými celkami  |b diplomová práca  |c Mariam Abdová ; školiteľ: Terézia Pullmanová 
264 1 |a Bratislava  |c 2011 
300 |a 68 s. 
100 1 |a Abdová, Mariam 
700 1 |a Pullmanová, Terézia, 1953- 
710 2 |a Obchodná fakulta EU. Katedra medzinárodného obchodu